Introducción a la psicología social
שמור ב:
| מחבר ראשי: | |
|---|---|
| פורמט: | ספר |
| שפה: | ספרדית |
| יצא לאור: |
Barcelona
UOC
2004
|
| מהדורה: | 1a. ed |
| סדרה: | Psicología, 30
|
| נושאים: | |
| תגים: |
הוספת תג
אין תגיות, היה/י הראשונ/ה לתייג את הרשומה!
|
MARC
| LEADER | 00000nam a2200000 a 4500 | ||
|---|---|---|---|
| 001 | UCK7847 | ||
| 003 | CL-VaPUC | ||
| 008 | 051230e20040000SP |||||||||||||||||spa|d | ||
| 020 | |a 849788132X | ||
| 082 | 0 | 4 | |a 302 |b IBA |2 21 |
| 100 | |a Ibáñez Gracia, Tomás |e author |9 497514 | ||
| 245 | 1 | 0 | |a Introducción a la psicología social |
| 250 | |a 1a. ed | ||
| 300 | |a 448 p | ||
| 942 | |c BK | ||
| 945 | |d 20051230 00:00:00 |a cmena | ||
| 260 | |a Barcelona |b UOC |c 2004 | ||
| 650 | 0 | |a Psicología social |9 222894 | |
| 650 | 0 | |a Identidad |9 336178 | |
| 650 | 0 | |a Interacción social |9 307764 | |
| 650 | 0 | |a Control social |9 322637 | |
| 650 | 0 | |a Grupos sociales |9 268887 | |
| 583 | |a last modification |c 20051230 00:00:00 |k Rodrigo Vera | ||
| 490 | 0 | |a Psicología, 30 | |
| 999 | |c 315686 |d 315684 | ||
| 952 | |0 0 |1 0 |4 0 |6 302_000000000000000_IBA_2004 |7 0 |8 A |9 389287 |a BIBEDU |b BIBEDU |d 2019-11-22 |i 4194675 |l 1 |o 302 IBA 2004 |p 4194675 |r 2023-08-17 |s 2023-08-01 |w 2019-11-22 |y BK |k PSI | ||
| 952 | |0 0 |1 0 |4 0 |6 302_000000000000000_IBA_2004 |7 0 |8 A |9 389288 |a BIBEDU |b BIBEDU |d 2019-11-22 |i 4552415 |l 3 |o 302 IBA 2004 |p 4552415 |r 2024-06-25 |s 2024-05-31 |w 2019-11-22 |y BK |k PSI | ||